[Event "PNWCC Online Masters WOO"]
[Site "Chess.com INT"]
[Date "2020.07.05"]
[Round "4.25"]
[White "Salik, Serkan"]
[Black "Preotu, Razvan"]
[Result "1-0"]
[WhiteElo "1986"]
[BlackElo "2487"]
[PlyCount "137"]
[EventDate "2020.07.04"]
[EventType "swiss (rapid)"]
[EventRounds "9"]
[EventCountry "USA"]
[SourceTitle "CBM 197 Extra"]
[Source "ChessBase"]
[SourceDate "2020.09.30"]
[SourceVersion "1"]
[SourceVersionDate "2020.09.30"]
[SourceQuality "1"]

1. d4 Nf6 2. c4 g6 3. Nc3 d5 4. Nf3 Bg7 5. h4 dxc4 6. e4 c5 7. d5 b5 8. h5 0-0 9. hxg6 fxg6 10. e5 Ng4 11. d6 e6 12. Rxh7 Rf5 13. Rh3 Bb7 14. Nxb5 Qa5+ 15. Nc3 Bxf3 16. gxf3 Nxe5 17. f4 Nd3+ 18. Rxd3 cxd3 19. Bg2 Rd5 20. Qb3 Bxc3+ 21. bxc3 c4 22. Qxc4 Nd7 23. Bxd5 Qxd5 24. Qxd5 exd5 25. Kd2 Re8 26. Kxd3 Re1 27. Bb2 Re4 28. Ba3 Ra4 29. Bb2 Rxf4 30. Re1 Nc5+ 31. Ke3 Ra4 32. Rd1 Rxa2 33. Rxd5 Nd7 34. Bc1 Kf7 35. Bd2 Ke6 36. Rg5 Kf6 37. f4 Ra6 38. c4 Rxd6 39. Bc3+ Kf7 40. c5 Rc6 41. Kd4 Rf6 42. Ke4 Rc6 43. Bd4 Rc8 44. Kd5 Nb8 45. Be5 Na6 46. Bd6 Nb4+ 47. Kc4 Nc6 48. Kb5 Nd4+ 49. Ka6 Nf5 50. Kb7 Nxd6+ 51. cxd6 Rc4 52. Re5 Rxf4 53. d7 Rd4 54. Kc7 Rc4+ 55. Kb7 Rd4 56. Kc6 Rc4+ 57. Kd5 Rc1 58. Re8 Rd1+ 59. Kc6 g5 60. d8Q Rxd8 61. Rxd8 Ke6 62. Re8+ Kf5 63. Kd5 Kf4 64. Kd4 g4 65. Rf8+ Kg3 66. Ke3 a5 67. Ra8 Kh2 68. Rxa5 g3 69. Kf3 1-0

[Event "PNWCC Online Masters WOO"]
[Site "Chess.com INT"]
[Date "2020.07.05"]
[Round "6.15"]
[White "Salik, Serkan"]
[Black "Swiercz, Dariusz"]
[Result "0-1"]
[WhiteElo "1986"]
[BlackElo "2649"]
[PlyCount "84"]
[EventDate "2020.07.04"]
[EventType "swiss (rapid)"]
[EventRounds "9"]
[EventCountry "USA"]
[SourceTitle "CBM 197 Extra"]
[Source "ChessBase"]
[SourceDate "2020.09.30"]
[SourceVersion "1"]
[SourceVersionDate "2020.09.30"]
[SourceQuality "1"]

1. d4 Nf6 2. c4 g6 3. Nc3 Bg7 4. e4 d6 5. Nge2 0-0 6. f3 a6 7. Be3 b5 8. cxb5 axb5 9. Nxb5 c6 10. Nbc3 Nbd7 11. Nc1 e5 12. Be2 d5 13. dxe5 Nxe5 14. 0-0 dxe4 15. Qxd8 Rxd8 16. fxe4 Neg4 17. Bg5 h6 18. Bxg4 hxg5 19. Bxc8 Raxc8 20. Nb3 Ng4 21. Rad1 Ne3 22. Rxd8+ Rxd8 23. Re1 Nc4 24. Re2 g4 25. Kf2 Be5 26. g3 Kg7 27. Rc2 Rh8 28. Kg1 Bb8 29. Nd1 Ne5 30. Nd2 Ba7+ 31. Kg2 Nd3 32. Rxc6 Rd8 33. Kf1 Nb4 34. Rc7 Rxd2 35. Ke1 Bb6 36. Rc4 Rxh2 37. Rxb4 Ba5 38. a3 Rc2 39. Ne3 Rxb2 40. Nxg4 Bxb4+ 41. axb4 Rxb4 42. Nf2 Rb3 0-1

[Event "PNWCC Online Masters WOO"]
[Site "Chess.com INT"]
[Date "2020.07.04"]
[Round "2.44"]
[White "Feng, Eric"]
[Black "Salik, Serkan"]
[Result "0-1"]
[WhiteElo "1898"]
[BlackElo "1986"]
[PlyCount "62"]
[EventDate "2020.07.04"]
[EventType "swiss (rapid)"]
[EventRounds "9"]
[EventCountry "USA"]
[SourceTitle "CBM 197 Extra"]
[Source "ChessBase"]
[SourceDate "2020.09.30"]
[SourceVersion "1"]
[SourceVersionDate "2020.09.30"]
[SourceQuality "1"]

1. d4 Nf6 2. c4 c5 3. d5 e5 4. Nc3 d6 5. e4 Nbd7 6. g3 g6 7. Bg2 Bg7 8. Nge2 0-0 9. 0-0 Nh5 10. f4 exf4 11. Nxf4 Nxf4 12. Bxf4 Ne5 13. Bxe5 Bxe5 14. Qb3 h5 15. Qd1 h4 16. g4 Qg5 17. Bf3 Bd7 18. Qe2 a6 19. h3 b5 20. Rac1 bxc4 21. Qxc4 Bb5 22. Nxb5 axb5 23. Qxb5 Rab8 24. Qd3 Rxb2 25. Rc2 Rfb8 26. Rfc1 Qf4 27. Bg2 Rxc2 28. Rxc2 Bd4+ 29. Kh1 Rb1+ 30. Bf1 Rxf1+ 31. Kg2 Rg1# 0-1